| 000 | 00538nam a2200181 i 4500 | ||
|---|---|---|---|
| 001 | 76259 | ||
| 003 | ES-MaACL | ||
| 005 | 20230906172756.0 | ||
| 007 | t| | ||
| 008 | 040930s1910 sp ||||1| spa d | ||
| 100 | 1 |
_aGuerra, Juan Carlos de. _960493 |
|
| 245 | 1 | 0 |
_aEstudios de Heráldica vasca / _cpor Juan Carlos de Guerra. |
| 250 | _a2ª ed. | ||
| 260 |
_aSan Sebastián : _b[s.n.], _c1910 ( _fS. Baroja e Hijos) |
||
| 300 |
_a356 p., 14 lám. ; _c24 cm. |
||
| 650 | 4 |
_aHeráldica- _zPaís Vasco. _9157593 |
|
| 852 |
_aES-MaACL _jG-13838 |
||
| 999 |
_c76259 _d76259 |
||